000 00635nam a2200181Ia 4500
008 090124s9999 xx 000 0 und d
082 _b38234
100 _aघाणेकर प्र. के.
245 _a अथातो दुर्गजिज्ञासा
250 _a1
260 _bस्नेहल प्रकाशन
_c1999
300 _a194
600 _aघाणेकर प्र. के.
630 _a अथातो दुर्गजिज्ञासा
700 _aघाणेकर प्र. के.
730 _a अथातो दुर्गजिज्ञासा
942 _cBOOK
999 _c104237
_d104237